Theoretical and experimental research in structural engineering 4th Slovak/Czech Symposium 14-15 June 2006, Bratislava

Podrobná bibliografia
Korporatívny autor: Theoretical and experimental research in structural engineering Bratislava, Slovensko
Ďalší autori: Matiašovský, Peter, 1956- (Editor), Sládek, Vladimír, 1954- (Editor)
Médium: Konferenčný príspevok Program E-kniha
Jazyk:angličtina
Fyzický popis:1 elektronický optický disk (CD-ROM) 12 cm
Vydavateľské údaje: Bratislava Ústav stavebníctva a architektúry SAV 2006
ISBN:8096952102 (CDROM)
Vydanie:[1. vyd.]
Predmet:

MARC

LEADER 00000nam a2200000 a 4500
001 vtls008837826
003 SK-MaSNL
005 20260301205641.0
007 co cgu auuua
008 060810s2006 xo fs 100 0 eng
015 |a SNBS2014 
020 |a 8096952102 (CDROM) 
040 |a SNK  |b slo  |c SNK  |e AACR2 
041 0 |a eng 
044 |a xo  |c SK 
072 7 |a 624  |x Inžinierske staviteľstvo  |2 konspekt 
080 |a 624  |2 2001 
080 |a 624.01/.04  |2 2001 
080 |a (063)  |2 2001 
080 |a (0.034.44)  |2 2001 
111 2 |a Theoretical and experimental research in structural engineering  |n (4. :  |d : 2006 :  |c Bratislava, Slovensko)  |9 592053 
245 1 0 |a Theoretical and experimental research in structural engineering  |h elektronický zdroj  |b 4th Slovak/Czech Symposium 14-15 June 2006, Bratislava  |c editors: Peter Matiašovský, Vladimír Sládek 
250 |a [1. vyd.] 
256 |a Elektronické dokumenty 
260 |a Bratislava  |b Ústav stavebníctva a architektúry SAV  |c 2006 
300 |a 1 elektronický optický disk (CD-ROM)  |c 12 cm 
650 0 7 |a stavebné inžinierstvo  |2 SNKPH  |9 67492 
650 0 7 |a stavebné konštrukcie  |2 SNKPH  |9 3695 
655 7 |a zborníky konferencií  |2 SNKPH  |9 70153 
655 7 |a CD-ROM  |2 SNKPH  |9 70236 
700 1 |a Matiašovský, Peter,  |d 1956-  |4 edt  |9 6787 
700 1 |a Sládek, Vladimír,  |d 1954-  |4 edt  |9 155370 
919 |a 80-969521-0-2 
999 |c 910952  |d 912882 
952 |a SNK  |b SNK  |y PREZ  |7 0  |p 17A0518239  |o snkSCDM 992  |i snk2006/15838  |8 0  |0 0  |1 0  |4 0  |d 2006-08-10  |l 0  |r 2026-02-24 07:42:56  |w 2026-02-24 
952 |t snkTHE 624  |a SNKMST  |b SNKMST  |y PREZ  |7 0  |p 17A0518241  |o snkSCDM 992 D1  |i snk2006/15839  |8 0  |0 0  |1 0  |4 0  |d 2006-08-10  |l 0  |r 2025-08-12 00:00:00  |w 2026-02-24